| 000 | 02872nab a2200265 i 4500 | ||
|---|---|---|---|
| 003 | BR-BrBNA | ||
| 005 | 20250430085813.0 | ||
| 008 | 250430b2017 bl.qr|pooa||| 00| 0 por | | ||
| 040 |
_aBR-BrBNA _bpor |
||
| 072 | _aF70 | ||
| 100 | _aVieira, Tiago Luiz | ||
| 100 | _aBarros, Fábio de | ||
| 245 | _aOrchidaceae na Serra do Ouro Branco, Minas Gerais, Brasil | ||
| 500 | _aPublicação on-line; Bibliography p. 744-747 (79 ref.); 8 illus.; Summaries (En, Pt) | ||
| 520 | _a Resumo A Serra do Ouro Branco demarca o limite sul da Cadeia do Espinhaço, em Minas Gerais, e está situada em uma zona de transição entre os domínios Atlântico e do Cerrado. O objetivo deste estudo foi realizar o levantamento florístico da família Orchidaceae na Serra do Ouro Branco, município de Ouro Branco, Minas Gerais, Brasil. Foram registrados 36 gêneros e 75 espécies para a área. Os gêneros mais representativos foram Habenaria (17 spp.), Cleistes (7 spp.), Acianthera e Epidendrum (6 spp. cada). A elevada riqueza de Orchidaceae em uma área relativamente pequena evidencia a importância florística da família em si e, também, a relevância ambiental da área de estudo. São apresentadas chaves de identificação, descrições, ilustrações esquemáticas das peças do perianto, e comentários sobre os gêneros e espécies. Palavras-chave: Cadeia do Espinhaço, campo rupestre, florística, orquídeas, taxonomia. Abstract The Serra do Ouro Branco delimitates the southern geographical boundary of the Espinhaço Range, in the state of Minas Gerais, and is located in a transition zone between the Atlantic Forest and Cerrado domains. This paper presents the floristic survey of the Orchidaceae from Serra do Ouro Branco, municipality of Ouro Branco, state of Minas Gerais, Brazil. We recorded 36 genera and 75 species in the study area. The most representative genera were Habenaria (17 spp.), Cleistes (7 spp.), Acianthera and Epidendrum (6 spp. each). Such elevated richness in a relatively small area, highlights the floristic significance of Orchidaceae and the environmental relevance of the study area. Identification keys, morphological descriptions, schematic illustrations of the perianth, and comments of the genera and species are presented. Key words: Espinhaço Range, rocky outcrops, floristic treatment, orchids, taxonomy | ||
| 650 | _aCADEIA DO ESPINHAÇO | ||
| 650 | _aCAMPO | ||
| 650 | _aCOMPOSIÇÃO BOTÂNICA | ||
| 650 | _aORQUÍDEA | ||
| 650 | _aTAXONOMIA | ||
| 773 | 0 |
_0709 _9349998 _dRio de Janeiro-RJ Jardim Botanico do Rio de Janeiro 1935 _o2025-2520 _tRodriguésia (Brazil) _x0370-6583; 2175-7860 on-line _gv. 68(2) p. 691-747; (2017) _wBR2025000804 |
|
| 856 | _uhttps://www.scielo.br/j/rod/a/F7w6Stqr8Q7ktJD6g7mJqdK/?format=pdf&lang=pt | ||
| 942 | _cANA | ||
| 999 |
_c331274 _d331274 |
||